| 000 | 00469nam a22001577a 4500 | ||
|---|---|---|---|
| 008 | 160922b xxu||||| |||| 00| 0 eng d | ||
| 020 | _a978-981-275-055-6 | ||
| 082 |
_22007 _aDC 641.86 _bD47 |
||
| 100 |
_915126 _aRainone, Piero |
||
| 245 |
_aDesserts/ _cPiero Rainone |
||
| 260 |
_aSingapore: _bPage One Publishing, Pte. Ltd., _cc2007. |
||
| 300 |
_a413 pages: _bcolor illustrations; _c23 cm. |
||
| 500 | _aIncludes index. | ||
| 650 | 0 |
_915125 _aDesserts |
|
| 942 |
_2ddc _cDC |
||
| 999 |
_c4772 _d4772 |
||